| 000 | 00681nam a22002297a 4500 | ||
|---|---|---|---|
| 999 |
_c8439 _d8439 |
||
| 003 | AR-CdUCM | ||
| 008 | 190325b ||||| |||| 00| 0 spa d | ||
| 040 |
_aMUNICIPALIDAD PROVINCIAL DEL CUSCO _cBIBLIOTECA MUNICIPAL DEL CUSCO |
||
| 082 |
_a818.5 / _bW73 |
||
| 100 |
_aWister, Owen _923158 |
||
| 245 | _aEl Virginiano / | ||
| 260 |
_aBuenos Aires : _bPlaza & Juanes, _c1967. |
||
| 300 |
_a525 paginas ; _bilustraciones, _c17 cm. |
||
| 440 |
_aAlboreal _n128 _923683 |
||
| 650 |
_aLiteratura _983 |
||
| 650 |
_aObra Literaria _923684 |
||
| 650 |
_aSiglo XIX _9971 |
||
| 650 |
_aEstados Unidos _91805 |
||
| 700 |
_aMaxwell, Guillermo _923685 |
||
| 942 |
_2ddc _cLIBROS |
||
| 945 | _apjha | ||